|
|
|
|
| LEADER |
00976nam a2200229 a 4500 |
| 008 |
100425s1985 ii a b 001 0 eng d |
| 040 |
|
|
|a BD-DhAAL
|c BD-DhAAL
|d BD-DhAAL
|
| 082 |
0 |
0 |
|a 303.48/4/0954
|2 19
|
| 100 |
1 |
|
|a Joseph,George Gheverghese.
|
| 245 |
0 |
0 |
|a Development, human rights, and action groups /
|c George Gheverghese Joseph; John Desrochers.
|
| 260 |
|
|
|a Bangalore :
|b Centre for Social Action,
|c 1985
|
| 300 |
|
|
|a 132 p. :
|b ill. ;
|c 22 cm.
|
| 504 |
|
|
|a Includes bibliographical refrences and index.
|
| 541 |
1 |
|
|e 00002872
|
| 650 |
|
0 |
|a Social movements
|z India.
|
| 650 |
|
0 |
|a Human rights
|z India.
|
| 650 |
|
0 |
|a Economic Development
|z India.
|
| 700 |
1 |
|
|a Desrochers,John.
|
| 710 |
2 |
|
|a International labour organization.
|
| 852 |
4 |
|
|a Ayesha Abed Library
|j General shelf
|
| 999 |
|
|
|c 8248
|d 8248
|
| 952 |
|
|
|0 0
|1 0
|2 ddc
|4 0
|6 303_484095400000000_JOS_1985
|7 0
|9 9455
|a BRACUL
|b BRACUL
|c GEN
|d 2010-04-26
|g 0.00
|l 0
|o 303.4840954 JOS
|p 3010002872
|r 2010-04-26
|t 1
|w 2010-04-26
|y BK
|z Not price in Register
|